Remain the kings of the castle (Record no. 77423)
[ view plain ]
| 000 -LEADER | |
|---|---|
| fixed length control field | 00964cab a2200217 4500 |
| 001 - CONTROL NUMBER | |
| control field | ##L134246 |
| 008 - FIXED-LENGTH DATA ELEMENTS--GENERAL INFORMATION | |
| fixed length control field | 060719n2006 000 0 eng u |
| 035 ## - SYSTEM CONTROL NUMBER | |
| System control number | (Sirsi) u134246 |
| 041 0# - LANGUAGE CODE | |
| Language code of text/sound track or separate title | eng |
| 100 1# - MAIN ENTRY--PERSONAL NAME | |
| Personal name | Slessenger, Emma |
| 245 00 - TITLE STATEMENT | |
| Title | Remain the kings of the castle |
| 260 ## - PUBLICATION, DISTRIBUTION, ETC. | |
| Date of publication, distribution, etc. | 2006 |
| 490 #0 - SERIES STATEMENT | |
| Series statement | Estates Gazette |
| Volume/sequential designation | (0628) 15 July 2006, 99(1) |
| 520 ## - SUMMARY, ETC. | |
| Summary, etc. | Reviews the law of adverse possession in respect of registered land, advising that successful squatters need to protect their rights by registering their title before 13 October 2006. This is the expiry date of the three-year transitional period of protection for squatters who had achieved 12 years' adverse possession under the old law. |
| 590 ## - LOCAL NOTE (RLIN) | |
| Local note | IKA010806 |
| 650 24 - SUBJECT ADDED ENTRY--TOPICAL TERM | |
| Topical term or geographic name entry element | LAND REGISTRATION RULES 2003 |
| 650 24 - SUBJECT ADDED ENTRY--TOPICAL TERM | |
| Topical term or geographic name entry element | LAND REGISTRATION ACT 2002 |
| 651 #4 - SUBJECT ADDED ENTRY--GEOGRAPHIC NAME | |
| Geographic name | England and Wales |
| Chronological subdivision | 1543- |
| 690 ## - LOCAL SUBJECT ADDED ENTRY--TOPICAL TERM (OCLC, RLIN) | |
| Topical term or geographic name as entry element | PROPERTY-PROPERTY ACQUISITION AND DISPOSAL-REGISTRATION OF TITLE TO PROPERTY |
| 942 ## - ADDED ENTRY ELEMENTS (KOHA) | |
| Suppress in OPAC | 0 |
| Withdrawn status | Lost status | Source of classification or shelving scheme | Damaged status | Not for loan | Home library | Current library | Shelving location | Date acquired | Total Checkouts | Full call number | Barcode | Date last seen | Copy number | Price effective from | Koha item type |
|---|---|---|---|---|---|---|---|---|---|---|---|---|---|---|---|
| Dewey Decimal Classification | London | London | Journal article | 19/07/2006 | L134246 | 134246-1001 | 06/08/2019 | 1 | 06/08/2019 | Journal article |